Manual práctico de gestión de recursos humanos en la administración local /

保存先:
書誌詳細
第一著者: Cortés Carreres, José Vicente (autor)
その他の著者: Peiró Silla, José María (prólogo) (prólogo)
フォーマット: 図書
言語:スペイン語
出版事項: Madrid, España : Dykinson : Federación Española de Municipios y Provincias, 2001, c2001
主題:
タグ: タグ追加
タグなし, このレコードへの初めてのタグを付けませんか!

MARC

LEADER 00000nam^a2200000^a^4500
001 000180515
005 20250521000000.0
009 20260310101902.283
020 |a 84-8155-819-2 
037 |a Acervo ITESO - Biblioteca 
041 |a ESP 
082 |a 351. 70946  |b COR 
100 |a Cortés Carreres, José Vicente  |e (autor) 
245 1 0 |a Manual práctico de gestión de recursos humanos en la administración local /  |c J.V. Cortés Carreres ; presen. de Rita Barberá Noya, José Manuel Molina García ; pról. de J.M. Peiró Silla. 
264 4 |a Madrid, España :  |b Dykinson :  |b Federación Española de Municipios y Provincias,  |c 2001, c2001 
300 |a 635 p. 
336 |a texto  |b txt  |2 rdacontenido 
337 |a sin mediación  |b n  |2 rdamedio 
338 |a volumen  |b nc  |2 rdasoporte 
649 |a XX 
650 |a Municipios -  |z España -  |x Administración 
650 |a Sistemas de Información -  |x Administración 
650 |a Organización Administrativa 
650 |a Planeación Estratégica 
650 |a Calidad en el Servicio 
650 |a Descripción y Valuación de Puestos 
650 |a Formación y Capacitación Laboral 
650 |a Servicio Civil de Carrera 
650 |a Desarrollo Profesional 
650 |a Evaluación del Desempeño 
650 |a Administración de Sueldos y Salarios 
650 |a Comunicación Institucional 
650 |a Recursos Humanos -  |x Planeación 
650 |a Recursos Humanos -  |x Dirección 
650 |a Administración Pública -  |z España 
650 |a Ciencias Administrativas 
700 |a Peiró Silla, José María  |e (prólogo) 
910 |a Fondo General 
920 |a Impresos - Libros 
930 |a Colección General 
905 |a 101 
901 |a 0500119866  |b IT1  |c ACC  |u 20250521 
902 |a https://opac.biblio.iteso.mx/vufind/Record/000180515